Informe final de investigación. Versión preliminar: cambios en la estructura de clases costarricense 1987-1994 /
Na minha lista:
| Autor principal: | |
|---|---|
| Formato: | Texto |
| coleção: | Serie Informes Finales de Investigación IIS
|
| Assuntos: | |
| Tags: |
Adicionar Tag
Sem tags, seja o primeiro a adicionar uma tag!
|
MARC
| LEADER | 00000 a a2200000 04500 | ||
|---|---|---|---|
| 001 | 44880 | ||
| 003 | |||
| 040 | |||
| 100 | |a Vega Martínez, Mylena | ||
| 245 | |a Informe final de investigación. Versión preliminar: |b cambios en la estructura de clases costarricense 1987-1994 / |c Mylena Vega Martínez | ||
| 440 | |a Serie Informes Finales de Investigación IIS | ||
| 650 | |a CLASES SOCIALES | ||
| 650 | |a INGRESO | ||
| 650 | |a EMPLEO | ||
| 650 | |a EDUCACION | ||
| 650 | |a COMERCIO | ||
| 650 | |a CLASE MEDIA | ||
| 773 | |g volumen725, número266 ( , 1995) | ||
| 999 | |c 27002 |d 27002 | ||
